Statistics for Country Shape Quiz #4

Click here to take the quiz!

General Stats

  • This quiz has been taken 98,557 times
    (98,530 since last reset)
  • The average score is 9 of 16

Answer Stats

Answer% Correct
Sri Lanka
80%
Denmark
70%
Laos
67%
Senegal
65%
Nepal
62%
Malaysia
61%
Benin
59%
Kazakhstan
57%
Mozambique
54%
Sudan
50%
Venezuela
49%
Taiwan
48%
Nicaragua
41%
North Korea
41%
Trinidad and Tobago
36%
Costa Rica
34%

Score Distribution

Percentile by Number Answered

Percent of People with Each Score

Your Score History

You have not taken this quiz since the last reset